000 01022cam a2200289 a 4500
001 000018977
005 20200929165906.0
008 791025s1971 cr ac 000 0 spa d
035 _a(DLC) 66085605
035 _a(OCoLC)5587279
040 _aDO-SdBNP
_cCLU
_dDLC
_dBNPHU
042 _apremarc
082 _a923.7
_bD392G
100 1 _aGamboa, Emma,
_d1901-
_940826
245 1 0 _aOmar Dengo /
_cEmma María Gamboa ; editor Joaquín Bernardo Cerdas.
260 _aSan José :
_bMinisterio de Cultura, Juventud y Deportes,
_bDepartamento de Publicaciones,
_c1971.
300 _a307 p. :
_bil., retrs. ;
_c19 cm.
490 1 _a¿Quién fué y qué hizo?
_v3
500 _aCover title.
600 1 0 _aDENGO, OMAR,
_d1888-1928.
_940827
650 4 _aMaestros
_xBiografía
_940828
700 1 _aCerdas, Joaquín Bernardo
_eed.
_940829
830 0 _a¿Quién fué y qué hizo? ;
_v3
_916206
810 2 _aUniversidad de Costa Rica.
_tSerie educacion ;
_vno. 7.
_940830
910 _aCatalogación derivada / LC
049 _aBNGR
999 _c18495
_d18495